Statistics for Brighton & Hove Albion Premier League XIs

Click here to take the quiz!

General Stats

  • This quiz has been taken 317 times
    (15 since last reset)
  • The average score is 18 of 37

Answer Stats

Answer% Correct
Kaoru Mitoma
100%
Danny Welbeck
85%
Lewis Dunk
85%
Moisés Caicedo
85%
Pervis Estupiñán
85%
Robert Sánchez
85%
Alexis Mac Allister
77%
Neal Maupay
77%
Pascal Groß
77%
Ben White
69%
Marc Cucurella
69%
Adam Lallana
62%
Bart Verbruggen
62%
Solly March
62%
Adam Webster
54%
João Pedro
54%
Mat Ryan
54%
Jan Paul van Hecke
46%
Joël Veltman
46%
Leandro Trossard
46%
Shane Duffy
46%
Simon Adingra
46%
Aaron Mooy
38%
Billy Gilmour
38%
Dan Burn
38%
Yves Bissouma
38%
Facundo Buonanotte
31%
Glenn Murray
31%
Dale Stephens
23%
Igor Julio
23%
Jakub Moder
23%
Anthony Knockaert
15%
Bruno
15%
Davy Pröpper
15%
Gaëtan Bong
15%
José Izquierdo
15%
Martín Montoya
15%

Score Distribution

Percentile by Number Answered

Percent of People with Each Score

Your Score History

You have not taken this quiz since the last reset